Туркестанский вестник (Запись № 10646095)
[ простой вид ]
| 000 -МАРКЕР | |
|---|---|
| контрольное поле | 01510nas0a22003251i 4500 |
| 001 - ИДЕНТИФИКАТОР ЗАПИСИ | |
| контрольное поле | RU\NLR\DRGNLR\5109 |
| 005 - ИДЕНТИФИКАТОР ВЕРСИИ | |
| контрольное поле | 20240921160704.0 |
| 035 ## - ДРУГИЕ СИСТЕМНЫЕ НОМЕРА | |
| Идентификатор записи | (NLR Aleph) 010313681 |
| 100 ## - ДАННЫЕ ОБЩЕЙ ОБРАБОТКИ | |
| Данные общей обработки | 20080514b1917 u y0rusy50 ca |
| 101 0# - ЯЗЫК РЕСУРСА | |
| Язык текста, звукозаписи и т.д. | русский |
| 102 ## - СТРАНА ПУБЛИКАЦИИ ИЛИ ПРОИЗВОДСТВА | |
| Страна публикации | Российская Федерация |
| 110 ## - ПОЛЕ КОДИРОВАННЫХ ДАННЫХ: ПРОДОЛЖАЮЩИЕСЯ РЕСУРСЫ | |
| Кодированные данные продолжающегося ресурса | cya|||||||| |
| 200 1# - ЗАГЛАВИЕ И СВЕДЕНИЯ ОБ ОТВЕТСТВЕННОСТИ | |
| Основное заглавие | Туркестанский вестник |
| Сведения, относящиеся к заглавию | Орган независимой мысли |
| Первые сведения об ответственности | Ред. А.И.Гзовский |
| 210 ## - ПУБЛИКАЦИЯ, РАСПРОСТРАНЕНИЕ И ДР. | |
| Место издания, распространения и т.д. | Ташкент |
| Дата издания, распространения и т.д. | 1917, 14 нояб - дек.* |
| Имя издателя, распространителя и т. д. | И.И.Дукельский |
| 311 ## - ПРИМЕЧАНИЯ, ОТНОСЯЩИЕСЯ К ПОЛЯМ СВЯЗИ (ПРИМЕЧАНИЯ О СВЯЗИ С ДРУГИМИ ПРОИЗВЕДЕНИЯМИ (ИЗДАНИЯМИ)) | |
| Текст примечания | Изд. вместо газ. "Туркестанский курьер" (см. ) |
| 488 #0 - ДРУГИЕ ВЗАИМОСВЯЗАННЫЕ ПРОИЗВЕДЕНИЯ (ДОКУМЕНТЫ) | |
| Встроенное поле | 001RU\NLR\DRGNLR\5113 |
| -- | 2001#$aТуркестанский курьер$fВр. за ред. И.И.Хохлачев |
| Системный номер (АБИС) связанной записи | 10646109 |
| Место публикации | Ташкент |
| Дата публикации | 1905, [апр.] - 1917, 11 нояб |
| Первые сведения об ответственности | Вр. за ред. И.И.Хохлачев |
| Имя издателя, распространителя и т.д. | И.И.Дукельский |
| Заглавие | Туркестанский курьер |
| 540 1# - ДОПОЛНИТЕЛЬНОЕ ЗАГЛАВИЕ, ПРИМЕНЯЕМОЕ КАТАЛОГИЗАТОРОМ | |
| Заглавие | Туркестанский вестник |
| 702 #1 - ИМЯ ЛИЦА - ВТОРИЧНАЯ ОТВЕТСТВЕННОСТЬ | |
| Код отношения | Редактор |
| Графика поля | Кириллица |
| Материалы, к которым относится поле | rus |
| Начальный элемент ввода | Гзовский |
| Часть имени, кроме начального элемента ввода | А. И. |
| Даты | 1888-1963 |
| Расширение инициалов личного имени | Александр Иосифович |
| Системный номер авторитетной/нормативной записи | 239533 |
| Идентификатор авторитетной/нормативной записи | RU\NLR\AUTH\770239589 |
| 702 #1 - ИМЯ ЛИЦА - ВТОРИЧНАЯ ОТВЕТСТВЕННОСТЬ | |
| Начальный элемент ввода | Дукельский |
| Часть имени, кроме начального элемента ввода | Ис. Ил. |
| Код отношения | Издатель |
| 801 #0 - ИСТОЧНИК ЗАПИСИ | |
| Страна | Российская Федерация |
| Организация | NLR |
| Дата составления | 20080514 |
| Правила каталогизации | PSBO |
| Источник данных | gzdor_isis |
| 801 #2 - ИСТОЧНИК ЗАПИСИ | |
| Страна | Российская Федерация |
| Организация | NLR |
| Дата составления | 20080514 |
| Правила каталогизации | PSBO |
| Источник данных | rusmarc |
| 852 ## - МЕСТОНАХОЖДЕНИЕ И ШИФР ХРАНЕНИЯ | |
| Идентификатор организации | NLR |
| Шифр хранения (Call Number) | Р2/249 |
| 942 ## - ДОПОЛНИТЕЛЬНЫЕ ЭЛЕМЕНТЫ ЗАПИСИ (АБИС) | |
| Тип экземпляра АБИС | Газета |
| 980 ## - КОЛЛЕКЦИЯ | |
| Название коллекции | Газеты России (1703 - 1917) |
Нет доступных экземпляров.